| 000 | 00695nam a2200217 i 4500 | ||
|---|---|---|---|
| 001 | 13195 | ||
| 003 | ES-MaACL | ||
| 005 | 20230906150523.0 | ||
| 007 | t| | ||
| 008 | 921216s1990 sp |||| | spa d | ||
| 020 | _a84-404-8310-4 | ||
| 080 | _a860-14"19" | ||
| 100 | 1 |
_aFora, Manuel de. _951668 |
|
| 245 | 1 | 3 |
_aLa sangre espera / _cManuel de Fora ; prólogo, Mª Elena Castillo Carbonell ; ilustraciones, Emilio Gavira. |
| 260 |
_aLos Palacios [Sevilla] : _bAteneo, _c1990. |
||
| 300 |
_a64 p. : _bil. ; _c17 cm. |
||
| 700 | 1 |
_aGavira, Emilio. _956088 |
|
| 700 | 1 |
_aCastillo Carbonell, Mª Elena. _936729 |
|
| 710 | 2 |
_aAteneo de Los Palacios (Sevilla) _91873 |
|
| 852 |
_aES-MaACL _jL-20550 |
||
| 999 |
_c13195 _d13195 |
||